| 000 | 00455nam a2200193Ia 4500 | ||
|---|---|---|---|
| 005 | 20240823005426.0 | ||
| 008 | 240823s9999||||xx |||||||||||||| ||und|| | ||
| 041 | _aENGLISH | ||
| 082 | _A670.285 N7 | ||
| 100 | _aRadhakrishnan P | ||
| 245 | 0 | _aCAD/CAM/CIM | |
| 250 | _a1st | ||
| 260 |
_c1997 _b"New Age,New Delhi" |
||
| 500 | _aTRANSFERED | ||
| 650 |
_aCAD _bAeronautical Engineering |
||
| 700 | _a Subramanian S | ||
| 942 | _cBK | ||
| 999 |
_c155679 _d155679 |
||